|
|
|
|
| LEADER |
00000nab#a22000007a#4500 |
| 001 |
arbauad013851 |
| 003 |
AR-BaUAD |
| 005 |
20250711111333.0 |
| 008 |
950926|||||||||###||||||b###|0###a|spa|| |
| 040 |
|
|
|a AR-BaUAD
|c AR-BaUAD
|b spa
|
| 100 |
|
|
|a Gazzaniga, Luca
|
| 245 |
|
|
|a Studio di architetttura, Erlenbach :
|b Marie-Claude Bétrix, Eraldo Consolascio /
|c Luca Gazzaniga;
|
| 300 |
0 |
|
|b il., fot., plantas, vistas, cortes, detalles
|
| 653 |
|
|
|a BETRIX, MARIE CLAUDE
|
| 653 |
|
|
|a CONSOLASCIO, ERALDO
|
| 653 |
|
|
|a SUECIA
|
| 653 |
|
|
|a ESTUDIOS PROFESIONALES
|
| 653 |
|
|
|a EDIFICIOS DE OFICINAS
|
| 773 |
0 |
|
|t Domus
|g no. 743 [nov. 1992], p. 50-55
|
| 942 |
|
|
|c ARTI
|
| 952 |
|
|
|0 0
|1 0
|4 0
|7 0
|9 58771
|a AR-BAuAD
|b AR-BAuAD
|d 2025-07-11
|l 0
|p AAQA013851
|r 2025-07-11 11:13:33
|w 2025-07-11
|y ARTI
|
| 990 |
|
|
|a AQ199
|b TD
|
| 998 |
|
|
|a AAQ
|b BIBUN76
|
| 999 |
|
|
|c 38444
|d 38444
|